Logo BPK

Biblioteka

Politechniki Koszalińskiej

Zur Gesichte des Göttinger Dichterbundes 1772-1774 : (Rekord nr 50377)

Szczegóły MARC
000 -ETYKIETA REKORDU
podpole kontrolne o stałej długości 00614nam a2200193 i 4500
001 - NUMER KONTROLNY REKORDU
pole kontrolne bgj
040 ## - ŹRÓDŁO KATALOGOWANIA
Instytucja, która utworzyła rekord BPK
041 0# - KOD JĘZYKA
Kod języka tekstu ger
044 ## - KOD KRAJU WYDAWCY/PRODUCENTA
Kod kraju wydawcy/producenta DEU
080 ## - UNIWERSALNA KLASYFIKACJA DZIESIĘTNA - UKD
UKD 821.112.2
008 - POLE O STAŁEJ DŁUGOŚCI - DANE KONTROLNE
podpole kontrolne o stałej długości s gw f |000 0 ger
100 1# - NAZWA OSOBOWA
Nazwa osobowa METELMANN, Ernest.
245 10 - TYTUŁ/ODPOWIEDZIALNOŚĆ
Tytuł Zur Gesichte des Göttinger Dichterbundes 1772-1774 :
Ciąg dalszy tytułu Faksimile-Neudruck einer Quellenpublikation aus der Zeitschrift "Euphorion" XXXIII (1932) /
Pozostałe elementy strefy tytułu i oznaczenia odpowiedzialności Ernest Metelmann.
260 ## - STREFA ADRESU WYDAWNICZEGO
Miejsce wydania Stuttgart :
Nazwa wydawcy/dystrybutora J. B. Metzlersche Verlagsbuchhandlung,
Data publikacji, dystrybucji/powstania dokumentu 1963.
300 ## - STREFA OPISU FIZYCZNEGO
Objętość 80 s. ;
Rozmiary 24 cm.
504 ## - UWAGA DOTYCZĄCA BIBLIOGRAFII
Informacje o bibliografii Indeks.
650 9# - HASŁO PRZEDMIOTOWE W FORMIE NAZWY OGÓLNEJ LUB JEDNOSTKOWEJ
Nazwa ogólna lub geograficzna Literatura niemiecka
856 ## - LOKALIZACJA I DOSTĘP DO ELEKTRONICZNYCH DOKUMENTÓW ZDALNYCH
Link (URL) http://koha.tu.koszalin.pl/cgi-bin/koha/opac-detail.pl?biblionumber=50377
Tekst linku Katalog online BPK
942 ## - DODATKOWE ELEMENTY (KOHA)
Typ dokumentu Książka
Egzemplarze
Wycofany Status egzemplarza Uszkodzony Dostępność Lokalizacja stała Lokalizacja bieżąca Miejsce przechowywania Sygnatura Kod kreskowy Typ dokumentu
      Tylko na miejscu Biblioteka Politechniki Koszalińskiej Biblioteka Politechniki Koszalińskiej Czytelnia Wydziałowa ul. Kwiatkowskiego 6e N 283 02120881 Książka
© 2023 Biblioteka Politechniki Koszalińskiej :: KOHA